|
|
|
|
| LEADER |
00000nam a2200000 a 4500 |
| 001 |
vtls008409894 |
| 003 |
SK-MaSNL |
| 005 |
20260301051759.0 |
| 008 |
240318s2002 xxu g 000 0 eng |
| 020 |
|
|
|a 0833031171
|q (brož.)
|
| 040 |
|
|
|a SNK
|b slo
|c SNK
|e AACR2
|
| 041 |
0 |
|
|a eng
|b eng
|
| 043 |
|
|
|a e------
|
| 044 |
|
|
|a us
|c US
|
| 072 |
|
7 |
|a 327
|x Medzinárodné vzťahy, svetová politika
|2 konspekt
|
| 080 |
|
|
|a 061.1EU
|2 2001
|
| 080 |
|
|
|a 355:061.6
|2 2001
|
| 080 |
|
|
|a 355.02
|2 2001
|
| 080 |
|
|
|a 327.5
|2 2001
|
| 080 |
|
|
|a (4)
|2 2001
|
| 080 |
|
|
|a (048.8)
|2 2001
|
| 100 |
1 |
|
|a Hunter, Robert E.
|4 aut
|9 359565
|
| 245 |
1 |
4 |
|a The European security and defense policy
|b NATO's companion or competitor?
|c Robert E. Hunter
|
| 260 |
|
|
|a Santa Monica
|b RAND
|c 2002
|
| 300 |
|
|
|a xxvi, 179 s.
|c 23 cm
|
| 504 |
|
|
|a Pozn.
|
| 546 |
|
|
|a Res. angl.
|
| 610 |
2 |
7 |
|a Európska únia
|2 SNKKA
|9 29861
|
| 610 |
2 |
7 |
|a NATO
|2 SNKKA
|9 33599
|
| 650 |
0 |
7 |
|a bezpečnostná politika
|2 SNKPH
|9 1647
|
| 650 |
0 |
7 |
|a medzinárodná bezpečnosť
|2 SNKPH
|9 2672
|
| 651 |
|
7 |
|a Európa
|2 SNKPH
|9 167569
|
| 655 |
|
7 |
|a monografie
|2 SNKPH
|9 70139
|
| 919 |
|
|
|a 0-8330-3117-1
|
| 999 |
|
|
|c 604261
|d 606191
|
| 952 |
|
|
|a SNK
|b SNK
|y VYP
|7 0
|p 17A0491019
|o snkIC 132722
|i snk2005/19497
|8 3
|g 46.87
|0 0
|1 0
|4 0
|d 2005-11-16
|l 0
|r 2026-02-23 16:04:29
|w 2026-02-23
|